| 000 -ლიდერი |
| ფიქსირებული სიგრძის საკონტროლო ველი |
02123nam a2200265Ia 4500 |
| 001 - საკონტროლო ნომერი |
| საკონტროლო ველი |
21525 |
| 003 - საკონტროლო ნომრის იდენტიფიკატორი |
| საკონტროლო ველი |
GE_BSU |
| 005 - ბოლო ოპერაციის თარიღი და დრო |
| საკონტროლო ველი |
20210329154207.0 |
| 008 - ფიქსირებული სიგრძის მონაცემთა ელემენტები - ზოგადი ინფორმაცია |
| ფიქსირებული სიგრძის საკონტროლო ველი |
181216s2017||||ge |||||||||||||| ||geo|| |
| 040 ## - კატალოგიზაციის წყარო |
| Transcribing agency |
GE_BSU |
| 041 ## - ენის კოდი |
| Language code of text/sound track or separate title |
geo |
| 080 ## - უნივერსალური ათობითი კლასიფიკაციის ინდექსი |
| Universal Decimal Classification number |
33 ჭ-46 |
| 100 ## - მთავარი ჩანაწერი - პიროვნების სახელი |
| Personal name |
ჭილაია, ნინო |
| 9 (RLIN) |
5506 |
| 245 ## - ცნობა სათაურის შესახებ |
| Title |
მიწოდების ხარჯების მინიმიზაციისა და საწარმოო ლოჯისტიკური პოტენციალის ოპტიმიზაციის სტრატეგიები გლობალურ ბიზნესში (აჭარის ავტონომიური რესპუბლიკის მაგალითზე) / |
| Statement of responsibility, etc |
ნინო ჭილაია; სამეცნ. ხელმძღვანელი: რ. მანველიძე., ბ. გეჩბაია; ბათუმის შოთა რუსთაველის სახ-ფო უნ-ტი. ეკონომიკისა და ბიზნესის ფაკ-ტი |
| 264 ## - წარმოების, გამოცემის, დისტრიბუციის და სხვა ცნობები |
| გამოცემის, წარმოების, დისტრიბუციის... ადგილი |
ბათუმი, |
| გამოცემის, წარმოების, დისტრიბუციის... თარიღი |
2017. |
| 300 ## - ფიზიკური აღწერა |
| Extent |
195 გვ. |
| Other physical details |
30 სმ. |
| 501 ## - შენიშვნა თანმხლებ მასალაზე |
| With note |
დანართები გვ.;192-195 |
| 504 ## - BIBLIOGRAPHY, ETC. NOTE |
| Bibliography, etc |
ბიბლ.გვ.183-191. |
| 653 ## - INDEX TERM--UNCONTROLLED |
| Uncontrolled term |
დისერტაცია |
| 653 ## - INDEX TERM--UNCONTROLLED |
| Uncontrolled term |
ეკონომიკა. ბიზნეს ადმინისტრირება |
| 653 ## - INDEX TERM--UNCONTROLLED |
| Uncontrolled term |
მიწოდების ხარჯების მინიმიზაციისა და საწარმოო ლოჯისტიკური პოტენციალის ოპტიმიზაციის სტრატეგიები გლობალურ ბიზნესში (აჭარის ავტონომიური რესპუბლიკის მაგალითზე) |
| 700 ## - ADDED ENTRY--PERSONAL NAME |
| Personal name |
მანველიძე, რ. |
| Relator term |
სამეცნ. ხელმძღვანელი |
| 9 (RLIN) |
10484 |
| 700 ## - ADDED ENTRY--PERSONAL NAME |
| Personal name |
გეჩბაია, ბ. |
| Relator term |
სამეცნ. ხელმძღვანელი |
| 9 (RLIN) |
10764 |
| 942 ## - ADDED ENTRY ELEMENTS (KOHA) |
| Koha item type |
წიგნი |
| Source of classification or shelving scheme |
|